Vista normal
Vista MARC
Entrada Topical Term
Número de registros utilizados en: 2
001 - CONTROL NUMBER
- control field: 2194
003 - CONTROL NUMBER IDENTIFIER
- control field: OSt
005 - DATE AND TIME OF LATEST TRANSACTION
- control field: 20200330150934.0
008 - FIXED-LENGTH DATA ELEMENTS
- fixed length control field: 200330|| aca||aabn | a|a d
040 ## - CATALOGING SOURCE
- Original cataloging agency: OSt
- Transcribing agency: OSt
150 ## - HEADING--TOPICAL TERM
- Topical term or geographic name entry element: Autonomía administrativa
670 ## - SOURCE DATA FOUND
- Source citation: Work cat.: (OSt)5115: Vidal Perdomo, Jaime, autor 2191, La región en la organización territorial del estado / , 2001